| 000 | 00674 a2200181 4500 | ||
|---|---|---|---|
| 020 | _a0863412041 | ||
| 040 |
_aDLC _bDLC |
||
| 245 | 0 | 0 |
_aPhysics and technology of heterojunction devices _cD. Vernon Morgan and Robin H. Williams. |
| 260 | 0 |
_aLondon, U.K. _b: P. Peregrinus Ltd. on behalf of the Institution of Electrical Engineers _c, c1991. |
|
| 300 |
_axiv, 310 p. _b: ill. _c; 24 cm. |
||
| 490 | 1 |
_aIEE materials and devices series _v; 8. |
|
| 650 | 0 |
_aSemiconductors _xJunctions. |
|
| 700 | 1 | 0 | _aMorgan, D. V. |
| 700 | 1 | 0 | _aWilliams, Robin H. |
| 710 | 2 | 0 | _aInstitution of Electrical Engineers. |
| 830 | 0 | _aIEE materials and devices series | |
| 942 |
_cBK _k621.3815 MOR _2ddc |
||
| 999 |
_c10624 _d10624 |
||